|
|
|
|
| LEADER |
00631nam a2200205 a 4500 |
| 001 |
000682277 |
| 003 |
CZ BrMZK |
| 005 |
20091125145203.0 |
| 007 |
ta |
| 008 |
030818s1860 xr f ger d |
| 040 |
|
|
|a BOA001
|b cze
|c BOA001
|
| 100 |
1 |
|
|a Kraus, Wilhelm
|4 aut
|
| 245 |
1 |
0 |
|a Geographisch-statistische Übersichtstabelle des Kaiserthums Oesterreichs /
|c von Wilh. Kraus
|
| 260 |
|
|
|a Prag :
|b [s.n.],
|c 1860
|
| 300 |
|
|
|a 1 sv. ;
|c 8°
|
| 910 |
|
|
|a BOA001
|b 3-0017.456
|
| 964 |
|
|
|a Bohemika - stol. 19.
|
| 990 |
|
|
|a BK
|
| 993 |
|
|
|a Y
|
| 996 |
6 |
|
|b 2619110014
|c 3-0017.456
|l MZK
|r Sklad / do 1 hodiny
|n 0
|w 000682277
|u 000020
|a 1
|e BOA001
|j MZK50
|s P
|